000 00560nam a22001697a 4500
005 20260218114613.0
008 260218b |||||||| |||| 00| 0 eng d
020 _a9789387791541
040 _cVITAP
082 _223rd Ed.
_a070.43 HIN
100 _aThe Hindu Group
_917059
245 _aThe Hindu Book of Editorials 2017
_b: A Curated Selection
_c/ The Hindu Group
260 _aChennai
_bTHG (The Hindu Group) Publishing Private Limited
_c2019
300 _a364p. : ill. ; 21cm
650 0 _aNewspapers - Editorials - India - 2017
_917071
942 _2ddc
_cREF
999 _c47266
_d47266